| 000 | 00463nam a2200181Ia 4500 | ||
|---|---|---|---|
| 008 | 230711s9999||||xx |||||||||||||| ||und|| | ||
| 020 | _a978-81-250-4301-0 | ||
| 041 | _aENG | ||
| 082 |
_a372.6 _bSA-S |
||
| 100 | _aSadanand,Kamlesh | ||
| 245 | 0 | _aSpoken english : a foundation course-part 2 | |
| 250 | _a1st Ed. | ||
| 260 |
_c2011 _aNew Delhi _bOrient BlackSwan |
||
| 300 | _a245 | ||
| 650 | _aCOMMUNICATION SKILL | ||
| 700 | _aPunitha,Susheela | ||
| 942 | _cBK | ||
| 999 |
_c5534 _d5534 |
||